Documento que habla sobre el anexo de varias tierras de la jurisdicción de Chalco, con informes y fechas. (Record no. 4963)
[ view plain ]
| 000 -CABECERA | |
|---|---|
| campo de control de longitud fija | 01862nam a2200289 a 4500 |
| 001 - NÚMERO DE CONTROL | |
| campo de control | BRCA_5269 |
| 005 - FECHA Y HORA DE LA ÚLTIMA TRANSACCIÓN | |
| campo de control | 20190320205018.0 |
| 008 - DATOS DE LONGITUD FIJA--INFORMACIÓN GENERAL | |
| campo de control de longitud fija | 011210s1864----mx-######v---#000-0#spa-# |
| 041 ## - CÓDIGO DE LENGUA | |
| Código de lengua del texto/banda sonora o título independiente | spa |
| 044 ## - CÓDIGO DEL PAÍS DE LA ENTIDAD EDITORA/PRODUCTORA | |
| Código MARC del país | mx |
| 084 ## - OTRO NÚMERO DE CLASIFICACIÓN | |
| Número de clasificación | DOC137 |
| Número de documento/Ítem | .G66 |
| -- | 1864 |
| 100 1# - ENTRADA PRINCIPAL--NOMBRE DE PERSONA | |
| Nombre de persona | González, Elgüero |
| 9 (RLIN) | 13497 |
| 245 10 - MENCIÓN DE TÍTULO | |
| Título | Documento que habla sobre el anexo de varias tierras de la jurisdicción de Chalco, con informes y fechas. |
| Mención de responsabilidad, etc. | Elgüero González. |
| 260 ## - PUBLICACIÓN, DISTRIBUCIÓN, ETC. | |
| Lugar de publicación, distribución, etc. | México |
| Fecha de publicación, distribución, etc. | 1864 |
| 300 ## - DESCRIPCIÓN FÍSICA | |
| Extensión | [596] fojas |
| Otras características físicas | 1 mapa |
| Dimensiones | 31 x 23 cm. |
| 500 ## - NOTA GENERAL | |
| Nota general | Posesión Judicial de la Hacienda de la Compañia ubicada en la Jurisdicción de Chalco de la propiedad de los señores Elgüero González y Compañia. El expediente es muy importante, esta divido en dos partes, la primera trata del litigio judicial y posesión de la Hacienda de la Compañia a mediados del siglo XIX, y la segunda presenta varios documentos muy interesantes de los siglos XVI, XVII y XVIII a través de los cuales puede estudiarse la concesión de la propiedad mediante las mercedes reales. |
| 500 ## - NOTA GENERAL | |
| Nota general | Al márgen inscripción que dice: ´MINISTERIO DE JUSTICIA E INSTRUCCIÓN PUBLICA´ y sello con el escudo nacional y lema: ´SELLO SEGUNDO. CUATRO PESOS. AÑOS DE MIL OCHOCIENTOS CUARENTA Y MIL OCHOCIENTOS CUARENTA Y TRES´. |
| 500 ## - NOTA GENERAL | |
| Nota general | El documento contiene la leyenda DOC. #305. |
| 500 ## - NOTA GENERAL | |
| Nota general | Estado de conservación: contiene manchas por acidez. márgenes deteriorados y algunas fojas se estan desprendiendo. |
| 506 0# - NOTA DE RESTRICCIONES AL ACCESO | |
| Limitaciones de acceso | Fondo Reservado. Para su consulta es necesario credencial de usuario y carta de motivos. |
| 546 ## - NOTA DE LENGUA/LENGUAJE | |
| Nota de lengua/lenguaje | Texto en: español de mediados del siglo XIX. |
| 600 14 - PUNTO DE ACCESO ADICIONAL DE MATERIA--NOMBRE DE PERSONA | |
| Nombre de persona | González, Elgüero |
| Subdivisión general | Historia |
| 9 (RLIN) | 13498 |
| 650 14 - PUNTO DE ACCESO ADICIONAL DE MATERIA--TÉRMINO DE MATERIA | |
| Término de materia o nombre geográfico como elemento de entrada | Documentos legales |
| Subdivisión de forma | Manuscritos |
| Subdivisión general | Historia |
| 9 (RLIN) | 12814 |
| 651 #4 - PUNTO DE ACCESO ADICIONAL DE MATERIA--NOMBRE GEOGRÁFICO | |
| Nombre geográfico | México |
| Subdivisión general | Historia |
| Subdivisión cronológica | Constitución y reforma, 1855-1863 |
| 9 (RLIN) | 13499 |
| 902 ## - CATALOGADOR | |
| Iniciales | FDH |
| 942 ## - ELEMENTOS DE PUNTO DE ACCESO ADICIONAL (KOHA) | |
| Fuente del sistema de clasificación o colocación | Library of Congress Classification |
| Tipo de ítem Koha | Documentos |
| Estado de retiro | Estado de pérdida | Estado dañado | No para préstamo | Localización permanente | Ubicación/localización actual | Fecha de adquisición | Total de préstamos | Signatura topográfica completa | Código de barras | Fecha visto por última vez | Precio válido a partir de | Tipo de ítem Koha |
|---|---|---|---|---|---|---|---|---|---|---|---|---|
| El ejemplar forma parte de la colección y puede ser consultado según las políticas vigentes. | Biblioteca del Museo Franz Mayer (Rogerio Casas-Alatriste) | Biblioteca del Museo Franz Mayer (Rogerio Casas-Alatriste) | 01/12/2010 | DOC137 .G66 1864 | 5704 | 22/03/2019 | 22/03/2019 | Documentos |